MARC

LEADER 00000nam0a2200000 4500
001 329703
005 20231102004204.0
035 |a (RuTPU)RU\TPU\book\355471 
090 |a 329703 
100 |a 20170320d1951 km y0rusy50 ca 
101 0 |a rus 
102 |a RU  |a UA 
105 |a a z 001zy 
200 1 |a Разработка пластов, подверженных внезапным выбросам угля и газа  |f Я. Э. Некрасовский 
210 |a Москва  |a Харьков  |c Углетехиздат  |d 1951 
215 |a 223 с.  |c ил. 
320 |a Библиогр.: с. 217-219 
606 1 |a Угольные шахты  |x Выбросы угля, внезапные  |2 stltpush  |3 (RuTPU)RU\TPU\subj\62803  |9 79870 
610 1 |a пласты 
610 1 |a разработка 
610 1 |a уголь 
610 1 |a газ 
610 1 |a статистические данные 
610 1 |a происхождение 
610 1 |a факторы 
610 1 |a вскрытие 
610 1 |a штреки 
610 1 |a лабораторные работы 
610 1 |a испытания 
610 1 |a сетки 
610 1 |a щиты 
610 1 |a насосы 
610 1 |a выемка 
610 1 |a горные работы 
675 |a 622.831.312  |v 4 
700 1 |a Некрасовский  |b Я. Э. 
801 1 |a RU  |b 63413507  |c 20170320 
801 2 |a RU  |b 63413507  |c 20170322  |g RCR 
942 |c BK